000 00291nam a22001337a 4500
008 171107b xxu||||| |||| 00| 0 eng d
020 _a9780324180237
041 _aeng
080 _24TH
_a721.053
100 _a62
101 _aAUD
245 _aAUDITING
_cRITTENBERG,L.E
942 _2udc
_cBK
999 _c38153
_d38153